Statistics for The Six Nation Comparison |Multiple Choice|

Click here to take the quiz!

General Stats

  • This quiz has been taken 44 times
    (17 since last reset)
  • The average score is 13 of 29

Answer Stats

QuestionAnswer% Correct
Largest spice producerIndia
85%
Longest coastlineCanada
77%
Largest no. of lakesCanada
77%
Highest industrial sector outputChina
77%
Most overseas territoriesUnited Kingdom
77%
Most billionairesUnited States
77%
Fastest internet connection speedSouth Korea
69%
Largest empire in HistoryUnited Kingdom
69%
Largest natural gas producerUnited States
69%
Largest maize producerUnited States
69%
Most Noble PrizesUnited States
62%
Largest statueIndia
54%
Most airportsUnited States
54%
Most cratersCanada
38%
Largest area of cultivated landIndia
38%
Oldest currencyUnited Kingdom
38%
Best performance at Miss UniverseUnited States
38%
Largest agricultural sector outputChina
31%
Largest electorate countryIndia
31%
Highest spending on research and development per capitaSouth Korea
31%
Highest number of phone usersIndia
23%
Highest no. of doctors graduatingIndia
23%
Largest mica producerIndia
23%
Lowest obesity rateSouth Korea
23%
Largest recorded earthquakeChina
15%
Largest wheat producerChina
15%
Largest mustard seed producerCanada
8%
Fastest internet connectionChina
0%
Most patent in forceSouth Korea
0%

Score Distribution

Percentile by Number Answered

Percent of People with Each Score

Your Score History

You have not taken this quiz since the last reset